Tajemství radiotechnického pátrače TAMARA

Guardado en:
Detalles Bibliográficos
Autores principales: Hofman, Jiří (Autor), Bauer, Jan (Autor)
Formato: Libro
Lenguaje:checo
Publicado: Praha : Sdělovací technika, 2003
Materias:
Etiquetas: Agregar Etiqueta
Sin Etiquetas, Sea el primero en etiquetar este registro!

MARC

LEADER 00000nam a22000003a 4500
001 stu195958
005 20150617230023.5
008 091116s2003----xr------------------cze-d
020 |a 80-86645-02-9 
040 |a STU  |b slo 
041 0 |a cze 
044 |a xr 
080 |a 621.396.96 
100 1 |a Hofman, Jiří  |4 aut 
245 1 |a Tajemství radiotechnického pátrače TAMARA 
260 |a Praha :  |b Sdělovací technika,  |c 2003 
300 |a 271 s 
650 7 |a radary  |2 stusub 
650 7 |a rádiolokácia  |2 stusub 
700 1 |a Bauer, Jan  |4 aut 
996 |b 284EK88063  |c E*88063  |l EE12  |s P  |a 0  |w stu195958_0001